000
00252nam a2200109Ia 4500
008
190216s9999||||xx |||||||||||||| ||und||
100
_a
Omprakash Nirmal
245
0
_a
Hindi-Khaye Huye Lok
260
_b
Miluth Prakashan
650
_a
Hindi
942
_c
BK
999
_c
15271
_d
15271